000
00309nam a22001217a 4500
008
160422b xxu||||| |||| 00| 0 eng d
020
_a
9780803620698
020
_a
100803620691
041
_a
eng
080
_a
618.2
245
_a
Maternal child nursing care:
_c
Susan L.Ward; Shelton M.Hisley;
942
_2
udc
_c
BK
999
_c
1512
_d
1512